|
|
|
|
| LEADER |
00000nam0a2200000 4500 |
| 001 |
109773 |
| 005 |
20231031120145.0 |
| 035 |
|
|
|a (RuTPU)RU\TPU\book\118537
|
| 090 |
|
|
|a 109773
|
| 100 |
|
|
|a 20070213d1990 m y0rusy50 ca
|
| 101 |
0 |
|
|a rus
|
| 102 |
|
|
|a UA
|
| 105 |
|
|
|a a z 000zy
|
| 200 |
1 |
|
|a Наш дом
|e [сборник]
|h Вып. 8
|
| 210 |
|
|
|a Киев
|c Час
|d 1990
|
| 215 |
|
|
|a 65 с.
|c ил.
|
| 225 |
1 |
|
|a Наш дом
|x 0236-1167
|
| 610 |
1 |
|
|a рукоделие
|
| 610 |
1 |
|
|a самодеятельное творчество
|
| 610 |
1 |
|
|a оформление
|
| 610 |
1 |
|
|a жилище
|
| 675 |
|
|
|a 64
|v 3
|
| 801 |
|
1 |
|a RU
|b 63413507
|c 20070213
|g PSBO
|
| 801 |
|
2 |
|a RU
|b 63413507
|c 20231009
|g PSBO
|
| 942 |
|
|
|c BK
|